000
00356pab a2200169 454500
008
180718b2007 xxu||||| |||| 00| 0 eng d
100
_a
Mahanta
245
_a
North east: HIV and north east
260
_c
2007
300
_a
p.40-42.
362
_a
Dec
650
_a
AIDS
700
_a
Medhi, G.K.
773
_a
Yojana
908
_a
N
909
_a
76399
999
_c
76399
_d
76399